Smrt a život amerických velkoměst /

Uložené v:
Podrobná bibliografia
Hlavný autor: Jacobsová, Jane (Autor)
Médium: Kniha
Jazyk:Czech
Vydavateľské údaje: Praha : Odeon, 1975
Vydanie:1. vydanie
Predmet:
Tagy: Pridať tag
Žiadne tagy, Buďte prvý, kto otaguje tento záznam!

MARC

LEADER 00000nam a22000003a 4500
001 0102048
003 SK-STU
005 20230522102435.9
007 ta
008 230519s ----xo-----e------000-0-----d
040 |a STU  |b slo 
041 0 |a cze 
044 |a xr 
100 1 |a Jacobsová, Jane  |4 aut 
245 1 0 |a Smrt a život amerických velkoměst /  |c aut. Jane Jacobsová 
250 |a 1. vydanie 
260 |a Praha :  |b Odeon,  |c 1975 
300 |a 281 s. 
650 0 7 |a veľkomestá americké 
650 0 7 |a centrum 
650 0 7 |a bývanie 
650 0 7 |a architektúra ulice 
650 0 7 |a námestia 
650 0 7 |a cesty 
650 0 7 |a parkoviská 
650 0 7 |a moderná architektúra 
996 |b 284AU09710  |c A* 13072/U  |l AAKNAR  |s A  |a 24  |w 0102048_0001